Quiz mathématique rapide, juste un petit - quiz 18 - Statistiques

Statistiques générales
  • Ce quiz a été pris 304 fois
  • Le résultat moyen est 14 sur 15
Statistiques - réponses
Hint Réponse % Correct
1 + 2 + 3 + 4 + 5 = 15
100%
2 + 3 + 4 + 5 + 6 = 20
95%
7 + 8 + 9 + 10 + 1 = 35
95%
3 + 4 + 5 + 6 + 7 = 25
94%
4 + 5 + 6 + 7 + 8 = 30
94%
6 + 7 + 8 + 9 + 10 = 40
94%
10 + 1 + 2+ 3 + 4 + 2 = 22
93%
9 + 10 + 1 + 2 + 3 + 3 = 28
93%
8 + 9 + 10 + 1 + 2 + 1 = 31
93%
5 + 6 + 7 + 8 + 9 + 1 = 36
92%
4 + 4 + 3 + 3 + 2 = 16
91%
7 + 6 + 6 + 5 + 5 = 29
91%
9 + 9 + 8 + 8 + 7 = 41
90%
2 + 2 + 3 + 1 + 1 = 9
90%
6 + 7 + 8 + 9 + 10 + 3 = 43
89%
Aucun quiz correspondant
Distribution des résultats
% des personnes avec chaque résultat
Percentile par nombre de réponses
Votre historique - résultats
Vous n’avez pas pris ce quiz